000 00574nam a22001817a 4500
005 20140626111907.0
010 _aENG-110264
020 _a9789351424697
_c295.00
035 _aEN-93796
037 _bDBAD/PUB
082 _a511.322
100 _aKaul,Sonam Devgan
245 _aFuzzy set theory /
_cby Sonam Devgan Kaul
260 _aNew Delhi
_bHimalaya Publishing House
_c2014
270 _a"Pooja Apartments"4-B, Murari Lal Street, Ansari Road, Darya Ganj
_bNew Delhi
_e110002
300 _a253p. :
_bill.
_c24cm(pbk)
942 _2ddc
_cEN
_mKAU
_h511.322
999 _c85249
_d85249